000 00424nam a22001697a 4500
003 SGT
020 _a9780815346081
082 _a615.1974
_bB17M
100 _aMCLENNAN, ALEXANDER
245 _aBIOS INSTANT NOTES MOLECULAR BIOLOGY
250 _a4TH
260 _aNEW YORK
_bGARLAND SCIENCE
_c2017
300 _a382
650 _aMOLECULAR BIOLOGY
653 _aBIOS, INSTANT, NOTES, MOLECULAR, BIOLOGY
942 _2ddc
_cBK
999 _c28947
_d28947